Score 0/20 Timer 06:00
1 Play Today
% Correct
SCATTER
93.2%
INUNDATE
87.7%
PAPER
86.9%
ILLEGAL
85.9%
HOARSE
85.8%
OUTSPAN
85.3%
ARDUOUS
84.5%
SHOEMAKING
83.7%
LIBERTY
83.3%
VALET
83.3%
% Correct
COPALM
82.6%
FEWER
82.2%
WIDENS
80.5%
SPEAK
80.5%
GRASPS
80.4%
AMBUSH
79.4%
SOLILOQUY
78.7%
KNOWLEDGE
77.3%
ISOCHOR
74.9%
STABLE
67.8%
Remove Ads.
Support Sporcle.
Get the best of Sporcle when you Go Orange. This ad-free experience offers more features, more stats, and more fun while also helping to support Sporcle. Thank you for becoming a member.

You're not logged in!

Compare scores with friends on all Sporcle quizzes.
OR
Log In

Sporcle TV

Today on Sporcle TV


Watch our educational content, quiz creation guides, and fun videos on Sporcle TV.

Show Comments

Extras

Top Quizzes Today


Score Distribution

Paid Content

Your Account Isn't Verified!

In order to create a playlist on Sporcle, you need to verify the email address you used during registration. Go to your Sporcle Settings to finish the process.

Report this User

Report this user for behavior that violates our Community Guidelines.

Details: